000
00279nam a2200133Ia 4500
100
_a
Rajput/ R.K.
942
_c
BK
654
_a
thermal
245
_a
Thermal Engineering
260
_b
Laxmi publications
_c
2001
082
_a
621.402
_b
RAJ
300
_a
1467
546
_a
ENGLISH
999
_c
34319
_d
34319